| 000 | 00535nam a22001817a 4500 | ||
|---|---|---|---|
| 999 |
_c190770 _d190770 |
||
| 005 | 20220804142523.0 | ||
| 010 | _aENG-134261 | ||
| 020 |
_a9788192190600 _c395.00 |
||
| 035 | _aEN-117793 | ||
| 037 | _bDBAD/PUB | ||
| 082 | _a658.84 | ||
| 245 |
_aComprehensive Dictionary of Commerce/ _cEdited by Walsh Worthy |
||
| 260 |
_aChandigarh _bK.C. Publishers _c2012 |
||
| 270 |
_aS.C.O. 57-59, Sector-17C Basement _bChandigarh |
||
| 300 |
_a208p. _c23cm(hb) |
||
| 700 | _aWorthy, Walsh | ||
| 942 |
_2ddc _cEN _h658.84 _mCOM |
||